Normal view
MARC view
Entry Personal Name
001 - CONTROL NUMBER
- control field: 47566
003 - CONTROL NUMBER IDENTIFIER
- control field: dpl
005 - DATE AND TIME OF LATEST TRANSACTION
- control field: 20120521124702.0
008 - FIXED-LENGTH DATA ELEMENTS
- fixed length control field: 120521|||a|||||| | ||| d
040 ## - CATALOGING SOURCE
- Original cataloging agency: dpl
- Transcribing agency: dpl
100 ## - HEADING--PERSONAL NAME
- Personal name: Agrawal, Subhash Chandra
670 ## - SOURCE DATA FOUND
- Source citation: Work cat.: (dpl)53523: Agrawal, Subhash Chandra, The change maker:, 2010
670 ## - SOURCE DATA FOUND
- Source citation: Work cat.: (dpl)53523: Agrawal, Subhash Chandra, The change maker:, 2010
